Prof. G Ram Reddy Library

Research technological change and economic analysis (Record no. 9736)

MARC details
000 -LEADER
fixed length control field 00407nam a2200169Ia 4500
003 - CONTROL NUMBER IDENTIFIER
control field LDD
020 ## - INTERNATIONAL STANDARD BOOK NUMBER
International Standard Book Number 0669012866
040 ## - CATALOGING SOURCE
Transcribing agency LDD
082 ## - DEWEY DECIMAL CLASSIFICATION NUMBER
Classification number 338.064 G563R
100 ## - MAIN ENTRY--PERSONAL NAME
Personal name Gold, Bela
245 #0 - TITLE STATEMENT
Title Research technological change and economic analysis
Statement of responsibility, etc. Bela Gold
260 ## - PUBLICATION, DISTRIBUTION, ETC.
Place of publication, distribution, etc. Toronto
Name of publisher, distributor, etc. Lexington
Date of publication, distribution, etc. 1977
300 ## - PHYSICAL DESCRIPTION
Extent viii, 240p
901 ## - LOCAL DATA ELEMENT A, LDA (RLIN)
a 325
b 16-03-1996
903 ## - LOCAL DATA ELEMENT C, LDC (RLIN)
b Gifted by : CCI
942 ## - ADDED ENTRY ELEMENTS (KOHA)
Source of classification or shelving scheme Dewey Decimal Classification
Koha item type Gift Books
Holdings
Withdrawn status Lost status Source of classification or shelving scheme Damaged status Not for loan Home library Current library Date acquired Total Checkouts Full call number Barcode Date last seen Price effective from Koha item type
No   Dewey Decimal Classification     Library and Documentation Division Library and Documentation Division 11/01/2018   338.064 G563R G009664 11/01/2018 11/01/2018 Gift Books

© Prof. G Ram Reddy Centre Library, Indira Gandhi National Open University, Maidan Garhi, New Delhi, 110068
+91-011-29532797 | FAX+91-011-29533393 |